<?xml version="1.0" encoding="UTF-8"?>
<record
    xmlns:xsi="http://www.w3.org/2001/XMLSchema-instance"
    xsi:schemaLocation="http://www.loc.gov/MARC21/slim http://www.loc.gov/standards/marcxml/schema/MARC21slim.xsd"
    xmlns="http://www.loc.gov/MARC21/slim">

  <leader>00635nam a22001577a 4500</leader>
  <controlfield tag="008">230713b        |||||||| |||| 00| 0 eng d</controlfield>
  <datafield tag="040" ind1=" " ind2=" ">
    <subfield code="a">National Science Library</subfield>
    <subfield code="c">National Science Library</subfield>
  </datafield>
  <datafield tag="080" ind1=" " ind2=" ">
    <subfield code="a">620.91(063)</subfield>
    <subfield code="b">K3.2</subfield>
  </datafield>
  <datafield tag="245" ind1=" " ind2=" ">
    <subfield code="a">Proceedings of the United Nations conference on new sources of energy solar energy, wind power and geothermal energy Rome, 21-31 August 1961</subfield>
  </datafield>
  <datafield tag="260" ind1=" " ind2=" ">
    <subfield code="a">New York: </subfield>
    <subfield code="b">United Nations, </subfield>
    <subfield code="c">1964</subfield>
  </datafield>
  <datafield tag="300" ind1=" " ind2=" ">
    <subfield code="a">218p. </subfield>
  </datafield>
  <datafield tag="500" ind1=" " ind2=" ">
    <subfield code="a">Vol.2 (Geothermal energy I)
Vol.3 (Geothermal energy II)
Vol.5 (Solar energy II)
Vol.7 (Wind power)
</subfield>
  </datafield>
  <datafield tag="650" ind1=" " ind2=" ">
    <subfield code="a">Geography</subfield>
  </datafield>
  <datafield tag="653" ind1=" " ind2=" ">
    <subfield code="a">Energy </subfield>
  </datafield>
  <datafield tag="942" ind1=" " ind2=" ">
    <subfield code="2">udc</subfield>
    <subfield code="c">PR</subfield>
  </datafield>
  <datafield tag="999" ind1=" " ind2=" ">
    <subfield code="c">51994</subfield>
    <subfield code="d">51994</subfield>
  </datafield>
  <datafield tag="952" ind1=" " ind2=" ">
    <subfield code="0">0</subfield>
    <subfield code="1">0</subfield>
    <subfield code="2">udc</subfield>
    <subfield code="4">0</subfield>
    <subfield code="6">62091063_K32</subfield>
    <subfield code="7">0</subfield>
    <subfield code="9">82942</subfield>
    <subfield code="a">NSL</subfield>
    <subfield code="b">NSL</subfield>
    <subfield code="c">GF/Rk-8/C-5/R-2</subfield>
    <subfield code="d">2023-07-13</subfield>
    <subfield code="h">Vol. 2, 1964</subfield>
    <subfield code="l">0</subfield>
    <subfield code="o">620.91(063) K3.2</subfield>
    <subfield code="p">14680</subfield>
    <subfield code="r">2023-07-13 00:00:00</subfield>
    <subfield code="w">2023-07-13</subfield>
    <subfield code="y">PR</subfield>
  </datafield>
  <datafield tag="952" ind1=" " ind2=" ">
    <subfield code="0">0</subfield>
    <subfield code="1">0</subfield>
    <subfield code="2">udc</subfield>
    <subfield code="4">0</subfield>
    <subfield code="6">62091063_K33</subfield>
    <subfield code="7">0</subfield>
    <subfield code="9">82943</subfield>
    <subfield code="a">NSL</subfield>
    <subfield code="b">NSL</subfield>
    <subfield code="c">GF/Rk-8/C-5/R-2</subfield>
    <subfield code="d">2023-07-13</subfield>
    <subfield code="h">Vol. 3, 1964</subfield>
    <subfield code="l">0</subfield>
    <subfield code="o">620.91(063) K3.3</subfield>
    <subfield code="p">14681</subfield>
    <subfield code="r">2023-07-13 00:00:00</subfield>
    <subfield code="w">2023-07-13</subfield>
    <subfield code="y">PR</subfield>
  </datafield>
  <datafield tag="952" ind1=" " ind2=" ">
    <subfield code="0">0</subfield>
    <subfield code="1">0</subfield>
    <subfield code="2">udc</subfield>
    <subfield code="4">0</subfield>
    <subfield code="6">62091063_K35</subfield>
    <subfield code="7">0</subfield>
    <subfield code="9">82944</subfield>
    <subfield code="a">NSL</subfield>
    <subfield code="b">NSL</subfield>
    <subfield code="c">GF/Rk-8/C-5/R-2</subfield>
    <subfield code="d">2023-07-13</subfield>
    <subfield code="h">Vol. 5, 1964</subfield>
    <subfield code="l">0</subfield>
    <subfield code="o">620.91(063) K3.5</subfield>
    <subfield code="p">14683</subfield>
    <subfield code="r">2023-07-13 00:00:00</subfield>
    <subfield code="w">2023-07-13</subfield>
    <subfield code="y">PR</subfield>
  </datafield>
  <datafield tag="952" ind1=" " ind2=" ">
    <subfield code="0">0</subfield>
    <subfield code="1">0</subfield>
    <subfield code="2">udc</subfield>
    <subfield code="4">0</subfield>
    <subfield code="6">62091063_K37</subfield>
    <subfield code="7">0</subfield>
    <subfield code="9">82945</subfield>
    <subfield code="a">NSL</subfield>
    <subfield code="b">NSL</subfield>
    <subfield code="c">GF/Rk-8/C-5/R-2</subfield>
    <subfield code="d">2023-07-13</subfield>
    <subfield code="h">Vol. 7, 1964</subfield>
    <subfield code="l">0</subfield>
    <subfield code="o">620.91(063) K3.7</subfield>
    <subfield code="p">14685</subfield>
    <subfield code="r">2023-07-13 00:00:00</subfield>
    <subfield code="w">2023-07-13</subfield>
    <subfield code="y">PR</subfield>
  </datafield>
</record>
